000 00315pam a2200133 a 4500
020 _c
041 _h
082 _a708
_bBAC
100 _aGrosvonor Vadehra .
245 _aBacon Freud Mehata Souza
_hTextual Documents
260 _a[s.l]:
_bVadhera Art Gallery,
_c2007.
300 _a100:
_bHard.
930 _a7069
999 _c240859
_d240859